How progress ends: (Record no. 30607)
[ view plain ]
| 000 -LEADER | |
|---|---|
| fixed length control field | 01321nam a2200217 4500 |
| 008 - FIXED-LENGTH DATA ELEMENTS--GENERAL INFORMATION | |
| fixed length control field | 251122b |||||||| |||| 00| 0 eng d |
| 020 ## - INTERNATIONAL STANDARD BOOK NUMBER | |
| International Standard Book Number | 9780691287287 |
| 082 ## - DEWEY DECIMAL CLASSIFICATION NUMBER | |
| Classification number | 338.064 FRE |
| 100 ## - MAIN ENTRY--PERSONAL NAME | |
| Personal name | Frey, Carl Benedikt |
| 245 ## - TITLE STATEMENT | |
| Title | How progress ends: |
| Remainder of title | technology, innovation, and the fate of nations |
| 260 ## - PUBLICATION, DISTRIBUTION, ETC. | |
| Place of publication, distribution, etc. | Princeton: |
| Name of publisher, distributor, etc. | Princeton University Press; |
| Date of publication, distribution, etc. | c2025. |
| 300 ## - PHYSICAL DESCRIPTION | |
| Extent | xiii, 529p. |
| 500 ## - GENERAL NOTE | |
| General note | Includes bibliographical references and index. |
| 520 ## - SUMMARY, ETC. | |
| Summary, etc. | Shortlisted for the Financial Times and Schroders Business Book of the Year Award.<br/> |
| 520 ## - SUMMARY, ETC. | |
| Summary, etc. | In How Progress Ends, Carl Benedikt Frey challenges the conventional belief that economic and technological progress is inevitable. For most of human history, stagnation was the norm, and even today progress and prosperity in the world’s largest, most advanced economies—the United States and China—have fallen short of expectations. To appreciate why we cannot depend on any AI-fueled great leap forward, Frey offers a remarkable and fascinating journey across the globe, spanning the past 1,000 years, to explain why some societies flourish and others fail in the wake of rapid technological change. |
| 650 ## - SUBJECT ADDED ENTRY--TOPICAL TERM | |
| Topical term or geographic name entry element | History |
| 650 ## - SUBJECT ADDED ENTRY--TOPICAL TERM | |
| Topical term or geographic name entry element | Technological innovations |
| 650 ## - SUBJECT ADDED ENTRY--TOPICAL TERM | |
| Topical term or geographic name entry element | Economic aspects |
| 942 ## - ADDED ENTRY ELEMENTS (KOHA) | |
| Source of classification or shelving scheme | Dewey Decimal Classification |
| Suppress in OPAC | No |
| Koha item type | Book |
| Withdrawn status | Lost status | Source of classification or shelving scheme | Damaged status | Not for loan | Home library | Current library | Date acquired | Total checkouts | Full call number | Barcode | Date last seen | Price effective from | Koha item type |
|---|---|---|---|---|---|---|---|---|---|---|---|---|---|
| Dewey Decimal Classification | IMI Delhi | IMI Delhi | 22/11/2025 | 338.064 FRE | 22210 | 22/11/2025 | 22/11/2025 | Book |